00726cam a22002411i 4500001001300000003000400013005001700017008004100034010001700075035001900092040001800111041001100129042001200140043001200152050001600164100001300180245010800193260007200301300002000373650003800393700003600431999001700467sa 67006703 DLC20260227112409.0830604m19609999io 000 0 ind  asa 67006703  a(OCoLC)9577789 aDLCcOAUdDLC0 aengind apremarc aa-io---00aHD70.I5bS90 aSubroto.10aBahan seminar management ;btahun kuliah 1964-1965, Fakultas Ekonomi U. I. /cSubroto [dan] Moh. Sadli. a[Djakarta] :bJajasan Badan Penerbit, Fakultas Ekonomi U.I.,c196?- a v. ;c33 cm. 0aIndustrial managementzIndonesia.1 aSadli, Mohammad,ejoint author. c76113d76113